000 00510nam a2200157 i 4500
001 131712
003 ES-MaACL
005 20230906194031.0
007 t|
008 070214s1934 sp r ||||1| spa d
100 1 _aRoeder, Ralph (
_d1890-1969)
_998893
245 1 4 _aThe man of the renaissance
_b: four lawgivers : Savonarola, Machiavelli, Castiglione, Aretino /
_cRalph Roeder.
260 _aLondon :
_bGeorge Routledge & Sons,
_c1934.
300 _a539 p., 16 lám. ;
_c25 cm.
852 _aES-MaACL
_jA-2777
999 _c131712
_d131712